| 000 | 00618nam a22002177a 4500 | ||
|---|---|---|---|
| 003 | OSt | ||
| 005 | 20150423171146.0 | ||
| 008 | 150423b xxu||||| |||| 00| 0 eng d | ||
| 020 | _a0443071853 | ||
| 040 | _cdlc | ||
| 082 | _aWU 100 H35i 2003 | ||
| 100 |
_aHobkirk John A. _94056 |
||
| 245 |
_aIntroducing Dental Implants / _cJohn A. Hobkirk, [et...al] |
||
| 260 |
_aLondon: _bChurchill Livingstone; _c2003. |
||
| 300 |
_aix, 165 p : _bcol.ill ; _c29 cm. |
||
| 504 | _aIncludes index | ||
| 650 |
_aDental implants _94057 |
||
| 700 |
_aWatson Roger M. _94058 |
||
| 700 |
_aSearson Lloyd J J _94059 |
||
| 942 |
_2z _cSLOAN |
||
| 999 |
_c1543 _d1543 |
||